000 00531nam a22001817a 4500
003 KOHA_MİRAKIL
005 20251221172557.0
008 251221b tu ||||| |||| 00| 0 tur d
020 _a9786254450884
040 _aTR-AnABB
_btur
_cTR-AnABB
041 _atur
082 _a621.483
_bNUK 2024
245 1 0 _aNükleer Santralin Korunması Çalıştayı /
260 _aAnkara :
_bJandarma ve Sahil Güvenlik Akademisi Yayınları,
_c2024
300 _a117 sayfa ;
_c24 cm
650 0 4 _aNükleer santraller
942 _2ddc
_cBK
999 _c9886
_d9886
900 _bGizem YORULMAZ